Cẩm nang mẹo vặt y khoa thực dụng

Bewaard in:
Bibliografische gegevens
Hoofdauteur: Đặng Thị Ngọc Trâm
Formaat: Boek
Taal:Undetermined
Gepubliceerd in: Đồng Nai Nxb. Đồng Nai 1999
Onderwerpen:
Tags: Voeg label toe
Geen labels, Wees de eerste die dit record labelt!
Thư viện lưu trữ: Trung tâm Học liệu Trường Đại học Cần Thơ
LEADER 00533nam a2200169Ia 4500
001 CTU_35327
008 210402s9999 xx 000 0 und d
082 |a 613 
082 |b Tr120/T3 
100 |a Đặng Thị Ngọc Trâm 
245 0 |a Cẩm nang mẹo vặt y khoa thực dụng 
245 0 |c Đặng Thị Ngọc Trâm 
260 |a Đồng Nai 
260 |b Nxb. Đồng Nai 
260 |c 1999 
650 |a medical care,public health,health promotion 
980 |a Trung tâm Học liệu Trường Đại học Cần Thơ